Uber den Begriff der Ironie: mit Ständiger Rücksicht auf Sokrates
保存先:
| フォーマット: | 図書 |
|---|---|
| 言語: | ドイツ語 |
| 出版事項: |
Düsseldorf
Eugen Diederichs
1961
|
| シリーズ: | Gesammelte Werke, 31
|
| 主題: | |
| タグ: |
タグ追加
タグなし, このレコードへの初めてのタグを付けませんか!
|
MARC
| LEADER | 00000nam a2200000 a 4500 | ||
|---|---|---|---|
| 001 | UCZ4536 | ||
| 003 | CL-VaPUC | ||
| 008 | 951110e19610000GW |||||||||||||||||ger|d | ||
| 082 | 0 | 4 | |a 142.7 |b KIE |2 21 |
| 245 | 1 | 0 | |a Uber den Begriff der Ironie: mit Ständiger Rücksicht auf Sokrates |
| 300 | |a 373 p | ||
| 942 | |c BK | ||
| 945 | |d 19951110 00:00:00 |a cmena | ||
| 260 | |a Düsseldorf |b Eugen Diederichs |c 1961 | ||
| 600 | 0 | |a Sócrates |9 266368 | |
| 650 | 0 | |a Existencialismo |9 265698 | |
| 650 | 0 | |a Filosofía danesa |9 266957 | |
| 650 | 0 | |a Teología |9 258766 | |
| 650 | 0 | |a Escuelas filosóficas |9 266232 | |
| 583 | |a last modification |c 19951110 00:00:00 |k Rodrigo Vera | ||
| 490 | 0 | |a Gesammelte Werke, 31 | |
| 999 | |c 240908 |d 240906 | ||
| 952 | |0 0 |1 0 |4 0 |6 142_700000000000000_KIE_1961 |7 0 |8 P |9 253028 |a BIBEDU |b BIBEDU |d 2019-11-19 |i 1571001 |o 142.7 KIE 1961 |p 1571001 |r 2025-01-22 |w 2019-11-19 |y BK |k FIL | ||